00559nai a2200157Ia 4500003000900000008004100009022002200050022002300072040001600095245006000111260005100171310001100222362002700233521006900260856007200329IN-BaIIA211028c9999 xx s 000 0 eng d a0003-9527 (Print) a1432-0673 (Online) cIIA Library 0aArchive for Rational Mechanics and Analysish[eJournal] aHeidelber, GermanybSpringer Berlin Heidelberg a3/year a137(1); 1997 - Present bSubscribed through National Knowledge Resource Consortium (NKRC) uhttps://www.springer.com/journal/205yClick Here to Access eJournal